LIBRARY & INFORMATION CENTRE, KCAET, TAVANUR

ONLINE PUBLIC ACCESS CATALOGUE (OPAC)

Experiments in food process engineering / (Record no. 13239)

MARC details
000 -LEADER
fixed length control field 00439cam a2200169ua 4500
041 ## - LANGUAGE CODE
Language code of text/sound track or separate title eng
082 ## - DEWEY DECIMAL CLASSIFICATION NUMBER
Classification number 664.02
Item number PAN/EX
100 ## - MAIN ENTRY--AUTHOR NAME
Personal name Pandey, H .
245 ## - TITLE STATEMENT
Title Experiments in food process engineering /
260 ## - PUBLICATION, DISTRIBUTION, ETC. (IMPRINT)
Place of publication New Delhi :
Name of publisher C B S Publishers & Distributers ,
Year of publication 2004.
300 ## - PHYSICAL DESCRIPTION
Number of Pages 311 ; .
942 ## - ADDED ENTRY ELEMENTS (KOHA)
Koha item type Books
Holdings
Withdrawn status Lost status Damaged status Home library Current library Date acquired Full call number Accession Number Koha item type
      KAUAET KAUAET 07/04/2012 664.02 21742 Books
free website counter